भोजपुरी लोकगीत / (Record no. 53929)

MARC details
000 -LEADER
fixed length control field 01996nam a22003257a 4500
005 - DATE AND TIME OF LATEST TRANSACTION
control field 20101206113148.0
008 - FIXED-LENGTH DATA ELEMENTS--GENERAL INFORMATION
fixed length control field 101206t xxu||||| |||| 00| 0 hin d
010 ## - LCCN (DPL NO)
LC control number HIN-93222 B-480206-207
020 ## - INTERNATIONAL STANDARD BOOK NUMBER
Terms of availability 100.00
International Standard Book Number 9788171247424
035 ## - SYSTEM CONTROL NUMBER
System control number HN-65568 B-480206-207
037 ## - SOURCE OF ACQUISITION
Source of stock number/acquisition DBAD/PUB
037 ## - SOURCE OF ACQUISITION
Source of stock number/acquisition विर्चुअस पब्लिकेशंस
040 ## - CATALOGING SOURCE
Original cataloging agency DPL
Language of cataloging HN
082 ## - DEWEY DECIMAL CLASSIFICATION NUMBER
Classification number 821
100 ## - MAIN ENTRY--PERSONAL NAME
9 (RLIN) 24598
Personal name अवधेश कुमार सिंह
245 ## - TITLE STATEMENT
Title भोजपुरी लोकगीत /
Statement of responsibility, etc अवधेश कुमार सिंह
246 ## - VARYING FORM OF TITLE
Title proper/short title Bhojapuri Lok Geet
Remainder of title by Prayygatmanand Sarswati
260 ## - PUBLICATION, DISTRIBUTION, ETC. (IMPRINT)
Place of publication, distribution, etc वाराणसी
Name of publisher, distributor, etc विश्वविद्यालय प्रकाशन
Date of publication, distribution, etc 2010
270 ## - ADDRESS
City वाराणसी
Address पो.बॉ 1149, विशालाक्षी भवन, चौक
Postal code 221001
Telephone number 0542- 2413741
Electronic mail address sales@vvpbooks.com
300 ## - PHYSICAL DESCRIPTION
Extent xxii,84पृ.
Dimensions 22सेमी (सजिल्द)
650 ## - SUBJECT ADDED ENTRY--TOPICAL TERM
9 (RLIN) 1169
Topical term or geographic name as entry element हिन्दी कविता
650 ## - SUBJECT ADDED ENTRY--TOPICAL TERM
9 (RLIN) 29580
Topical term or geographic name as entry element Hindi Poetry
700 ## - ADDED ENTRY--PERSONAL NAME
9 (RLIN) 24599
700 ## - ADDED ENTRY--PERSONAL NAME
9 (RLIN) 24924
942 ## - ADDED ENTRY ELEMENTS (KOHA)
Source of classification or shelving scheme Dewey Decimal Classification
Item type Hindi Books
Call number suffix अवधे
Classification part 821
Holdings
Withdrawn status Lost status Source of classification or shelving scheme Damaged status Not for loan Collection code Home library Current library Date acquired Source of acquisition Cost, normal purchase price Total Checkouts Full call number Barcode Date last seen Copy number Cost, replacement price Koha item type
    Dewey Decimal Classification   Not For Loan Non-fiction D.B.Act.Division D.B.Act.Division 15/07/2011 DBAD / PUB 100.00   821 अवधे HN-65568 15/07/2011 1 100.00 Hindi Books
    Dewey Decimal Classification     Non-fiction Karol Bagh Karol Bagh 13/09/2012 विर्चुअस पब्लिकेशंस/2012-13/IN239/18.04.12/38/20.03.12/19.06.12 100.00   821 अवधे B-480207 13/09/2012 1 100.00 Hindi Books
    Dewey Decimal Classification     Non-fiction Patel Nagar Patel Nagar 13/09/2012 विर्चुअस पब्लिकेशंस/2012-13/IN239/18.04.12/38/20.03.12/19.06.12 100.00 1 821 अवधे B-480206 24/01/2025 1 100.00 Hindi Books

© Delhi Public Library
Hit Counter
free hit counter